|
|
|
|
| LEADER |
01291ppm a22002778a 4500 |
| 001 |
00029846 |
| 005 |
20171026081022.0 |
| 008 |
121123s2008 ||||||viesd |
| 041 |
0 |
# |
|a vie
|
| 082 |
1 |
4 |
|a 378.007 1
|b C101GI
|
| 100 |
1 |
# |
|a Trần, Văn Thọ
|
| 245 |
0 |
0 |
|a Các giải pháp quản lý nhằm nâng cao chất lượng hoạt động thực tập sư phạm cho sinh viên trường Đại học sư phạm Đồng Tháp
|b Luận văn thạc sĩ khoa học giáo dục. Chuyên ngành: Quản lý giáo dục. Mã số: 60 14 05
|c Trần Văn Thọ; Nguyễn Thị Mỹ Trinh (hướng dẫn)
|
| 260 |
# |
# |
|a Vinh
|b Đại học Vinh
|c 2008
|
| 300 |
# |
# |
|a 85 tr.
|c 30cm.
|e 1 bản tóm tắt
|
| 500 |
# |
# |
|a ĐTTTS ghi: Bộ giáo dục và đào tạo. Trường Đại học Vinh
|
| 653 |
# |
# |
|a Giải pháp quản lý
|
| 653 |
# |
# |
|a Trường Đại học Đồng Tháp
|
| 653 |
# |
# |
|a Thực tập sư phạm
|
| 653 |
# |
# |
|a Luận văn
|
| 700 |
1 |
# |
|a Nguyễn, Thị Mỹ Trinh
|e Hướng dẫn
|
| 852 |
# |
# |
|b Kho đọc SĐH
|j LV.0000053
|
| 852 |
# |
# |
|j LV.0000053
|
| 910 |
|
|
|d 23/11/2012
|
| 980 |
# |
# |
|a Trung tâm Học liệu Lê Vũ Hùng, Trường Đại học Đồng Tháp
|